[Event "WCO2014"]
[Site "Tromso"]
[Date "2014.08.05"]
[Round "4.21"]
[WhiteID "6700098"]
[White "Chavez Ricardo Ernesto"]
[BlackID "901776"]
[Black "Nikcevic Nebojsa"]
[Result "1-0"]
[LiveChessVersion "1.4.3"]
[BlackElo "2427"]
[WhiteElo "2165"]

1. e4 {[%clk 1:30:57]} c5 {[%clk 1:30:52]} 2. Nf3 {[%clk 1:31:19]} Nc6
{[%clk 1:31:01]} 3. Bb5 {[%clk 1:31:38]} Qb6 {[%clk 1:31:26]} 4. Ba4
{[%clk 1:27:50]} Nf6 {[%clk 1:20:45]} 5. d3 {[%clk 1:24:11]} g6 {[%clk 1:18:20]}
6. O-O {[%clk 1:24:16]} Bg7 {[%clk 1:18:42]} 7. c3 {[%clk 1:23:21]} O-O
{[%clk 1:18:04]} 8. Nbd2 {[%clk 1:23:09]} d5 {[%clk 1:14:58]} 9. Re1
{[%clk 1:20:17]} Rd8 {[%clk 1:06:29]} 10. Qe2 {[%clk 1:16:14]} Qa6
{[%clk 0:55:54]} 11. Bb3 {[%clk 1:14:31]} e6 {[%clk 0:55:48]} 12. Nf1
{[%clk 1:07:24]} dxe4 {[%clk 0:54:04]} 13. dxe4 {[%clk 1:07:39]} Qxe2
{[%clk 0:54:27]} 14. Rxe2 {[%clk 1:08:05]} b6 {[%clk 0:54:07]} 15. e5
{[%clk 1:01:52]} Nd7 {[%clk 0:50:20]} 16. Bg5 {[%clk 1:01:17]} Re8
{[%clk 0:50:45]} 17. Ba4 {[%clk 0:59:52]} Bb7 {[%clk 0:37:41]} 18. Rd1
{[%clk 0:41:28]} Ndb8 {[%clk 0:38:05]} 19. Ne3 {[%clk 0:36:56]} Ba6
{[%clk 0:32:16]} 20. Red2 {[%clk 0:33:53]} b5 {[%clk 0:29:21]} 21. Bc2
{[%clk 0:33:28]} h6 {[%clk 0:28:28]} 22. Bf6 {[%clk 0:29:06]} Bb7
{[%clk 0:27:28]} 23. Be4 {[%clk 0:25:22]} a6 {[%clk 0:27:17]} 24. Ng4
{[%clk 0:13:33]} h5 {[%clk 0:19:04]} 25. Ne3 {[%clk 0:13:31]} Ra7
{[%clk 0:19:26]} 26. Rd6 {[%clk 0:06:30]} Ba8 {[%clk 0:10:03]} 27. Kf1
{[%clk 0:05:00]} Rc7 {[%clk 0:10:15]} 28. Ng5 {[%clk 0:03:52]} Bb7
{[%clk 0:09:33]} 29. f4 {[%clk 0:03:53]} Bf8 {[%clk 0:09:53]} 30. R6d2
{[%clk 0:03:47]} Na5 {[%clk 0:05:55]} 31. Bd8 {[%clk 0:03:58]} Rxd8
{[%clk 0:01:23]} 32. Rxd8 {[%clk 0:04:20]} Nac6 {[%clk 0:01:44]} 33. Re8
{[%clk 0:02:37]} Kg7 {[%clk 0:01:50]} 34. Bxg6 {[%clk 0:01:36]} Be7
{[%clk 0:01:48]} 35. Bxh5 {[%clk 0:01:25]} Bxg5 {[%clk 0:00:41]} 36. fxg5
{[%clk 0:01:38]} Nd7 {[%clk 0:01:10]} 37. Ng4 {[%clk 0:00:59]} Ncxe5
{[%clk 0:01:25]} 38. Nxe5 {[%clk 0:00:53]} Nxe5 {[%clk 0:01:51]} 39. Rdd8
{[%clk 0:01:05]} Ng6 {[%clk 0:01:07]} 40. Rg8+ {[%clk 0:01:25]} 1-0

[Event "WCO2014"]
[Site "Tromso"]
[Date "2014.08.05"]
[Round "4.13"]
[WhiteID "2800020"]
[White "Gruenfeld Yehuda"]
[BlackID "3202305"]
[Black "Smerdon David"]
[Result "1-0"]
[LiveChessVersion "1.4.3"]
[BlackElo "2513"]
[WhiteElo "2448"]

1. e4 {[%clk 1:30:55]} e6 {[%clk 1:30:53]} 2. d4 {[%clk 1:31:11]} d5
{[%clk 1:31:18]} 3. Nc3 {[%clk 1:31:37]} Nf6 {[%clk 1:31:44]} 4. Bg5
{[%clk 1:32:02]} Bb4 {[%clk 1:32:10]} 5. e5 {[%clk 1:32:00]} h6 {[%clk 1:32:33]}
6. Bd2 {[%clk 1:32:26]} Bxc3 {[%clk 1:32:56]} 7. bxc3 {[%clk 1:32:49]} Ne4
{[%clk 1:33:22]} 8. Qg4 {[%clk 1:33:12]} Kf8 {[%clk 1:33:48]} 9. Bd3
{[%clk 1:33:30]} Nxd2 {[%clk 1:34:12]} 10. Kxd2 {[%clk 1:33:54]} c5
{[%clk 1:34:37]} 11. h4 {[%clk 1:33:33]} c4 {[%clk 1:35:01]} 12. Be2
{[%clk 1:24:47]} Nc6 {[%clk 1:33:14]} 13. Rh3 {[%clk 1:21:53]} b5
{[%clk 1:29:54]} 14. Qf4 {[%clk 1:20:39]} Bd7 {[%clk 1:28:30]} 15. Bh5
{[%clk 1:12:40]} Be8 {[%clk 1:25:20]} 16. Ne2 {[%clk 1:11:38]} Rb8
{[%clk 1:22:42]} 17. a3 {[%clk 1:09:41]} a5 {[%clk 1:15:19]} 18. Rf3
{[%clk 1:00:27]} Qe7 {[%clk 0:46:28]} 19. Kd1 {[%clk 0:53:43]} Kg8
{[%clk 0:42:09]} 20. Rg3 {[%clk 0:49:00]} Kh7 {[%clk 0:32:34]} 21. Bf3
{[%clk 0:47:35]} b4 {[%clk 0:31:53]} 22. axb4 {[%clk 0:36:47]} axb4
{[%clk 0:32:18]} 23. cxb4 {[%clk 0:37:08]} Qxb4 {[%clk 0:27:05]} 24. c3
{[%clk 0:31:15]} Qb2 {[%clk 0:26:12]} 25. Rc1 {[%clk 0:28:41]} Ne7
{[%clk 0:23:48]} 26. Ke1 {[%clk 0:23:45]} Ra8 {[%clk 0:21:46]} 27. h5
{[%clk 0:18:15]} Ra1 {[%clk 0:19:27]} 28. Rxa1 {[%clk 0:18:20]} Qxa1+
{[%clk 0:19:55]} 29. Qc1 {[%clk 0:18:42]} Qa2 {[%clk 0:17:13]} 30. Qd2
{[%clk 0:18:28]} Qb1+ 31. Qc1 {[%clk 0:17:55]} Qb3 {[%clk 0:15:36]} 32. Bg4
{[%clk 0:16:02]} Bd7 {[%clk 0:10:14]} 33. Rf3 {[%clk 0:16:02]} Rf8
{[%clk 0:10:36]} 34. Kf1 {[%clk 0:15:56]} Kg8 {[%clk 0:10:41]} 35. Kg1
{[%clk 0:16:01]} Rb8 {[%clk 0:07:06]} 36. Kh2 {[%clk 0:08:38]} Qb2
{[%clk 0:06:27]} 37. Qf4 {[%clk 0:06:38]} Be8 {[%clk 0:03:30]} 38. Ng3
{[%clk 0:02:16]} Rb6 {[%clk 0:03:32]} 39. Nf1 {[%clk 0:00:51]} Qb1
{[%clk 0:02:39]} 40. Ne3 {[%clk 0:00:42]} Qe1 {[%clk 0:02:46]} 41. Bh3
{[%clk 0:29:24]} Kf8 {[%clk 0:22:00]} 42. Qg4 {[%clk 0:22:21]} Rb2
{[%clk 0:16:17]} 43. Qxe6 {[%clk 0:21:16]} Rxf2 {[%clk 0:16:06]} 44. Nxd5
{[%clk 0:21:02]} Nc6 {[%clk 0:07:03]} 45. Rxf2 {[%clk 0:19:57]} Qxf2
{[%clk 0:07:32]} 46. Qc8 {[%clk 0:19:53]} Qh4 {[%clk 0:06:36]} 47. Nc7
{[%clk 0:16:13]} Nd8 {[%clk 0:05:16]} 48. Nxe8 {[%clk 0:13:26]} Qf4+
{[%clk 0:05:12]} 49. g3 {[%clk 0:13:19]} Qd2+ {[%clk 0:03:48]} 50. Bg2
{[%clk 0:13:20]} Kxe8 {[%clk 0:04:17]} 51. Qxc4 {[%clk 0:10:49]} Qd1
{[%clk 0:04:45]} 52. Qf1 {[%clk 0:06:39]} Qxh5+ {[%clk 0:05:08]} 53. Kg1
{[%clk 0:07:04]} Qg5 {[%clk 0:02:37]} 54. Qf4 {[%clk 0:06:20]} Qh5
{[%clk 0:02:12]} 55. d5 {[%clk 0:04:51]} Qd1+ {[%clk 0:02:37]} 56. Qf1
{[%clk 0:05:15]} Qd2 {[%clk 0:02:11]} 57. Qb5+ {[%clk 0:04:45]} Kf8
{[%clk 0:02:40]} 58. Qc5+ {[%clk 0:01:24]} Ke8 {[%clk 0:01:43]} 59. d6
{[%clk 0:01:05]} Qg5 {[%clk 0:02:12]} 60. Qc7 {[%clk 0:00:54]} h5
{[%clk 0:01:45]} 61. d7+ {[%clk 0:00:36]} Kf8 {[%clk 0:02:14]} 62. Qd6+
{[%clk 0:00:52]} Kg8 {[%clk 0:02:44]} 63. Qb8 {[%clk 0:01:00]} Kh7
{[%clk 0:02:51]} 64. Qb1+ {[%clk 0:01:23]} g6 {[%clk 0:03:13]} 65. Qe1
{[%clk 0:01:46]} Kg7 {[%clk 0:02:28]} 66. c4 {[%clk 0:01:37]} Qe7
{[%clk 0:02:57]} 67. Qc3 {[%clk 0:01:58]} Qc5+ {[%clk 0:02:54]} 68. Kh2
{[%clk 0:02:18]} Kg8 {[%clk 0:02:50]} 69. Kh1 {[%clk 0:02:10]} Kh7
{[%clk 0:02:54]} 70. e6 {[%clk 0:01:51]} Nxe6 {[%clk 0:02:19]} 71. Qf6
{[%clk 0:02:13]} Qf8 {[%clk 0:02:47]} 72. c5 {[%clk 0:02:01]} Kh6
{[%clk 0:02:58]} 73. c6 {[%clk 0:02:11]} Qb8 {[%clk 0:01:04]} 74. Qxf7
{[%clk 0:01:14]} Ng5 {[%clk 0:01:31]} 75. Qf4 {[%clk 0:01:04]} Qd8
{[%clk 0:00:40]} 76. Qd2 {[%clk 0:01:18]} 1-0

[Event "WCO2014"]
[Site "Tromso"]
[Date "2014.08.05"]
[Round "4.15"]
[WhiteID "934054"]
[White "Klasan Vladimir"]
[BlackID "3205207"]
[Black "Illingworth Max"]
[Result "0-1"]
[LiveChessVersion "1.4.3"]
[BlackElo "2439"]
[WhiteElo "2365"]

1. e4 {[%clk 1:30:47]} c5 {[%clk 1:30:41]} 2. Nf3 {[%clk 1:31:04]} e6
{[%clk 1:30:49]} 3. Nc3 {[%clk 1:30:53]} a6 {[%clk 1:30:54]} 4. d4
{[%clk 1:31:08]} cxd4 {[%clk 1:31:18]} 5. Nxd4 {[%clk 1:31:33]} Qc7
{[%clk 1:31:36]} 6. g4 {[%clk 1:27:39]} Bb4 {[%clk 1:31:34]} 7. Nde2
{[%clk 1:26:22]} Nf6 {[%clk 1:28:15]} 8. a3 {[%clk 1:25:28]} Ba5 {[%clk 1:25:18]}
9. b4 {[%clk 1:23:30]} Bb6 {[%clk 1:25:41]} 10. h3 {[%clk 1:23:20]} d5
{[%clk 1:23:24]} 11. exd5 {[%clk 1:14:35]} Nxd5 {[%clk 1:20:03]} 12. Nxd5
{[%clk 1:08:39]} exd5 {[%clk 1:20:29]} 13. Bb2 {[%clk 1:04:41]} O-O
{[%clk 1:20:36]} 14. Bg2 {[%clk 1:03:00]} Be6 {[%clk 1:19:41]} 15. O-O
{[%clk 0:56:19]} Nc6 {[%clk 1:18:47]} 16. Kh1 {[%clk 0:48:48]} Rad8
{[%clk 1:17:03]} 17. Qd2 {[%clk 0:35:04]} d4 {[%clk 1:12:54]} 18. Rad1
{[%clk 0:29:12]} f5 {[%clk 1:09:43]} 19. gxf5 {[%clk 0:18:36]} Bxf5
{[%clk 1:09:23]} 20. Ng3 {[%clk 0:15:41]} Bg6 {[%clk 1:05:39]} 21. Rde1
{[%clk 0:10:03]} Ne5 {[%clk 1:04:49]} 22. Qg5 {[%clk 0:09:04]} Nf3
{[%clk 1:02:11]} 23. Bxf3 {[%clk 0:07:06]} Rxf3 {[%clk 1:02:31]} 24. Re6
{[%clk 0:06:20]} Rdf8 {[%clk 1:01:07]} 25. Rxb6 {[%clk 0:03:32]} Qxb6
{[%clk 1:00:11]} 26. Qd5+ {[%clk 0:03:53]} Kh8 {[%clk 0:59:31]} 27. Bxd4
{[%clk 0:04:11]} Qc6 {[%clk 0:57:07]} 28. Qxc6 {[%clk 0:03:58]} bxc6
{[%clk 0:57:33]} 29. Re1 {[%clk 0:02:51]} Bxc2 {[%clk 0:57:02]} 30. Kg2
{[%clk 0:01:45]} R3f7 {[%clk 0:53:51]} 31. h4 {[%clk 0:01:41]} Bb3
{[%clk 0:53:40]} 32. h5 {[%clk 0:00:47]} h6 {[%clk 0:53:59]} 33. Kg1
{[%clk 0:00:36]} Rd8 {[%clk 0:53:41]} 34. Re4 {[%clk 0:00:37]} Bd1
{[%clk 0:52:47]} 35. Bb2 {[%clk 0:00:37]} Rd2 {[%clk 0:52:15]} 36. Bd4
{[%clk 0:00:45]} Bf3 {[%clk 0:51:39]} 37. Re8+ {[%clk 0:01:07]} Kh7
{[%clk 0:52:04]} 38. Bc5 {[%clk 0:01:06]} Rf4 {[%clk 0:51:18]} 39. Re1
{[%clk 0:00:48]} Rh4 {[%clk 0:51:13]} 0-1

[Event "WCO2014"]
[Site "Tromso"]
[Date "2014.08.05"]
[Round "4.16"]
[WhiteID "3208923"]
[White "Smirnov Anton"]
[BlackID "24636789"]
[Black "Ghadimi Mohammed Reza"]
[Result "1-0"]
[LiveChessVersion "1.4.3"]
[BlackElo "2172"]
[WhiteElo "2334"]

1. d4 {[%clk 1:30:25]} Nf6 2. c4 {[%clk 1:30:07]} e6 {[%clk 1:26:54]} 3. Nf3
{[%clk 1:29:38]} Bb4+ {[%clk 1:23:03]} 4. Nbd2 {[%clk 1:28:06]} b6
{[%clk 1:21:22]} 5. a3 {[%clk 1:27:02]} Be7 {[%clk 1:21:04]} 6. e3
{[%clk 1:22:42]} Bb7 {[%clk 1:19:52]} 7. b3 {[%clk 1:19:00]} O-O {[%clk 1:11:15]}
8. Bb2 {[%clk 1:16:12]} Ne4 {[%clk 1:08:08]} 9. Nxe4 {[%clk 1:07:53]} Bxe4
{[%clk 1:08:28]} 10. Nd2 {[%clk 1:06:21]} Bb7 {[%clk 1:02:18]} 11. Bd3
{[%clk 1:01:53]} f5 {[%clk 0:56:10]} 12. Rg1 {[%clk 0:59:49]} d6 {[%clk 0:33:28]}
13. Qc2 {[%clk 0:56:25]} Qe8 {[%clk 0:21:38]} 14. O-O-O {[%clk 0:45:13]} Qh5
{[%clk 0:19:47]} 15. f4 {[%clk 0:35:59]} Nd7 {[%clk 0:12:01]} 16. h3
{[%clk 0:30:36]} c5 {[%clk 0:09:06]} 17. g4 {[%clk 0:27:40]} Qxh3
{[%clk 0:07:23]} 18. d5 {[%clk 0:19:39]} Qxe3 {[%clk 0:03:21]} 19. gxf5
{[%clk 0:18:28]} Bf6 {[%clk 0:03:48]} 20. fxe6 {[%clk 0:16:13]} Bxb2+
{[%clk 0:03:43]} 21. Kxb2 {[%clk 0:15:29]} Nf6 {[%clk 0:04:08]} 22. Ne4
{[%clk 0:14:10]} Qxf4 {[%clk 0:04:31]} 23. Nxf6+ {[%clk 0:10:58]} Qxf6+
{[%clk 0:02:26]} 24. Kb1 {[%clk 0:11:02]} h6 {[%clk 0:02:34]} 25. Rg6
{[%clk 0:10:51]} Qe7 {[%clk 0:01:29]} 26. Rdg1 {[%clk 0:10:50]} Rf6
{[%clk 0:01:50]} 27. Qg2 {[%clk 0:11:01]} Rxg6 {[%clk 0:00:32]} 28. Qxg6
{[%clk 0:11:28]} 1-0

[Event "WCO2014"]
[Site "Tromso"]
[Date "2014.08.05"]
[Round "4.20"]
[WhiteID "5600197"]
[White "Cilia Vincenti David"]
[BlackID "4628250"]
[Black "Khairallah Faisal"]
[Result "0-1"]
[LiveChessVersion "1.4.3"]
[BlackElo "2307"]
[WhiteElo "2154"]

1. d4 {[%clk 1:30:56]} d6 {[%clk 1:30:58]} 2. c4 {[%clk 1:31:16]} f5
{[%clk 1:30:57]} 3. Nc3 {[%clk 1:24:33]} Nf6 {[%clk 1:31:10]} 4. Nf3
{[%clk 1:23:56]} g6 {[%clk 1:30:54]} 5. Bf4 {[%clk 1:24:00]} Bg7 {[%clk 1:29:56]}
6. e3 {[%clk 1:24:18]} Nc6 {[%clk 1:23:44]} 7. d5 {[%clk 1:22:11]} e5
{[%clk 1:18:13]} 8. dxc6 {[%clk 1:18:12]} exf4 {[%clk 1:18:40]} 9. cxb7
{[%clk 1:06:54]} Bxb7 {[%clk 1:19:08]} 10. Qd2 {[%clk 1:01:10]} O-O
{[%clk 1:15:28]} 11. O-O-O {[%clk 0:58:43]} fxe3 {[%clk 1:09:36]} 12. fxe3
{[%clk 0:55:11]} Re8 {[%clk 1:05:44]} 13. Re1 {[%clk 0:51:59]} Ne4
{[%clk 0:55:19]} 14. Nxe4 {[%clk 0:51:41]} Bxe4 {[%clk 0:55:44]} 15. Bd3
{[%clk 0:48:34]} Rb8 {[%clk 0:53:12]} 16. Bxe4 {[%clk 0:42:17]} Rxe4
{[%clk 0:53:13]} 17. b3 {[%clk 0:41:25]} Qf6 {[%clk 0:51:58]} 18. Kd1
{[%clk 0:40:32]} Rbe8 {[%clk 0:50:32]} 19. Re2 {[%clk 0:34:13]} Bh6
{[%clk 0:46:17]} 20. Rhe1 {[%clk 0:32:18]} c6 {[%clk 0:42:41]} 21. Nd4
{[%clk 0:29:30]} d5 {[%clk 0:40:35]} 22. cxd5 {[%clk 0:24:51]} cxd5
{[%clk 0:40:31]} 23. Kc2 {[%clk 0:24:54]} f4 {[%clk 0:37:40]} 24. Nb5
{[%clk 0:21:05]} Qc6+ {[%clk 0:34:55]} 25. Nc3 {[%clk 0:20:44]} Rc8
{[%clk 0:35:11]} 26. Kb2 {[%clk 0:19:17]} Bg7 {[%clk 0:34:49]} 27. Rc1
{[%clk 0:19:24]} Rxe3 {[%clk 0:32:03]} 0-1

[Event "WCO2014"]
[Site "Tromso"]
[Date "2014.08.05"]
[Round "4.19"]
[WhiteID "5300150"]
[White "Kassis Antoine"]
[BlackID "5600618"]
[Black "Zerafa Robert"]
[Result "1-0"]
[LiveChessVersion "1.4.3"]
[BlackElo "2084"]
[WhiteElo "2157"]

1. e4 {[%clk 1:30:57]} e5 {[%clk 1:30:58]} 2. Nf3 {[%clk 1:28:54]} Nc6
{[%clk 1:31:12]} 3. Bc4 {[%clk 1:26:07]} Bc5 {[%clk 1:29:20]} 4. c3
{[%clk 1:26:18]} Nf6 {[%clk 1:29:38]} 5. d3 {[%clk 1:26:25]} a6 {[%clk 1:29:33]}
6. a4 {[%clk 1:25:15]} a5 {[%clk 1:16:04]} 7. O-O {[%clk 1:25:12]} Bb6
{[%clk 1:12:25]} 8. Nbd2 {[%clk 1:20:37]} d6 {[%clk 1:07:16]} 9. Bb3
{[%clk 1:19:49]} h6 {[%clk 1:02:53]} 10. Nc4 {[%clk 1:16:28]} Ba7
{[%clk 1:02:40]} 11. Be3 {[%clk 1:12:50]} Bxe3 {[%clk 1:02:27]} 12. Nxe3
{[%clk 1:13:11]} Qe7 {[%clk 0:59:52]} 13. Re1 {[%clk 1:11:58]} O-O
{[%clk 0:55:26]} 14. d4 {[%clk 1:02:19]} Re8 {[%clk 0:43:43]} 15. Bc2
{[%clk 0:37:02]} Bd7 {[%clk 0:19:03]} 16. Nd5 {[%clk 0:31:07]} Qd8
{[%clk 0:17:22]} 17. dxe5 {[%clk 0:29:05]} Nxe5 {[%clk 0:17:27]} 18. Nxe5
{[%clk 0:28:28]} Rxe5 {[%clk 0:15:14]} 19. f4 {[%clk 0:27:07]} Re8
{[%clk 0:15:15]} 20. e5 {[%clk 0:14:44]} Nxd5 {[%clk 0:14:09]} 21. Qxd5
{[%clk 0:15:09]} dxe5 {[%clk 0:14:11]} 22. Rxe5 {[%clk 0:12:53]} Bc6
{[%clk 0:10:03]} 23. Rxe8+ {[%clk 0:12:01]} Qxe8 {[%clk 0:10:30]} 24. Qd3
{[%clk 0:12:16]} g6 {[%clk 0:09:41]} 25. Rd1 {[%clk 0:12:05]} Bxa4
{[%clk 0:09:17]} 26. b3 {[%clk 0:11:03]} Bb5 {[%clk 0:08:33]} 27. c4
{[%clk 0:11:20]} Bc6 {[%clk 0:09:01]} 28. f5 {[%clk 0:11:45]} Kh7
{[%clk 0:07:06]} 29. Qg3 {[%clk 0:11:07]} Be4 {[%clk 0:05:29]} 30. fxg6+
{[%clk 0:11:07]} Bxg6 {[%clk 0:05:51]} 31. Bxg6+ {[%clk 0:11:29]} fxg6
{[%clk 0:06:17]} 32. Qxc7+ {[%clk 0:11:51]} Kh8 {[%clk 0:06:13]} 33. Qf4
{[%clk 0:04:53]} g5 {[%clk 0:01:42]} 34. Qf6+ {[%clk 0:04:14]} Kg8
{[%clk 0:01:13]} 35. Qxh6 {[%clk 0:02:42]} Qe3+ {[%clk 0:01:12]} 36. Kh1
{[%clk 0:03:07]} Ra6 {[%clk 0:00:39]} 37. Rd8+ {[%clk 0:02:04]} Kf7
{[%clk 0:01:08]} 38. Qh7+ {[%clk 0:02:13]} Kf6 {[%clk 0:01:23]} 39. Rf8+
{[%clk 0:01:20]} Ke5 {[%clk 0:01:22]} 40. Qe7+ {[%clk 0:01:22]} Kd4
{[%clk 0:00:43]} 41. Rd8+ {[%clk 0:01:40]} 1-0

[Event "WCO2014"]
[Site "Tromso"]
[Date "2014.08.05"]
[Round "4.18"]
[WhiteID "5600375"]
[White "Zerafa Patrick"]
[BlackID "5301653"]
[Black "Chahrour Ibrahim"]
[Result "1-0"]
[LiveChessVersion "1.4.3"]
[BlackElo "2170"]
[WhiteElo "2079"]

1. d4 {[%clk 1:30:54]} d6 {[%clk 1:30:47]} 2. c4 {[%clk 1:31:17]} Nf6
{[%clk 1:30:55]} 3. Nc3 {[%clk 1:31:35]} g6 {[%clk 1:31:14]} 4. e4
{[%clk 1:32:00]} Bg7 {[%clk 1:31:40]} 5. f3 {[%clk 1:32:14]} O-O {[%clk 1:31:39]}
6. Be3 {[%clk 1:32:10]} c6 {[%clk 1:29:38]} 7. Bd3 {[%clk 1:30:25]} a6
{[%clk 1:29:58]} 8. a4 {[%clk 1:30:18]} a5 {[%clk 1:30:23]} 9. Nge2
{[%clk 1:30:28]} Nbd7 {[%clk 1:30:29]} 10. Qd2 {[%clk 1:30:16]} e5
{[%clk 1:30:09]} 11. d5 {[%clk 1:25:10]} Qe7 {[%clk 1:29:23]} 12. Bg5
{[%clk 1:24:22]} Re8 {[%clk 1:28:36]} 13. g4 {[%clk 1:21:43]} Nc5
{[%clk 1:23:39]} 14. Bc2 {[%clk 1:21:42]} h6 {[%clk 1:12:44]} 15. Bxh6
{[%clk 1:19:48]} Nfxe4 {[%clk 1:12:57]} 16. Nxe4 {[%clk 1:18:23]} Nxe4
{[%clk 1:12:05]} 17. Bxe4 {[%clk 1:18:07]} Qh4+ {[%clk 1:12:29]} 18. Kd1
{[%clk 1:15:10]} Bxh6 {[%clk 1:12:53]} 19. Qd3 {[%clk 1:15:35]} Bd7
{[%clk 1:08:23]} 20. Kc2 {[%clk 1:13:56]} Rac8 {[%clk 0:59:08]} 21. Nc3
{[%clk 1:11:17]} cxd5 {[%clk 0:49:58]} 22. Bxd5 {[%clk 1:09:32]} Be6
{[%clk 0:42:55]} 23. Rad1 {[%clk 1:08:34]} Bxd5 {[%clk 0:31:50]} 24. Nxd5
{[%clk 1:06:33]} Bg7 {[%clk 0:28:04]} 25. Nc3 {[%clk 1:04:05]} Qf2+
{[%clk 0:24:11]} 26. Rd2 {[%clk 1:03:37]} Qc5 {[%clk 0:24:14]} 27. b3
{[%clk 0:58:10]} Rc6 {[%clk 0:22:31]} 28. Ne4 {[%clk 0:54:42]} Qa3
{[%clk 0:22:30]} 29. Qd5 {[%clk 0:54:26]} Rb6 {[%clk 0:12:37]} 30. Rb1
{[%clk 0:52:14]} Qb4 {[%clk 0:03:04]} 31. Rb2 {[%clk 0:48:05]} Re6
{[%clk 0:02:06]} 32. g5 {[%clk 0:48:02]} Rc6 {[%clk 0:02:02]} 33. Qb5
{[%clk 0:47:52]} Rb6 {[%clk 0:00:45]} 34. Qxb4 {[%clk 0:48:16]} Rxb4
{[%clk 0:01:10]} 35. Rd5 {[%clk 0:48:39]} f5 {[%clk 0:00:34]} 36. gxf6
{[%clk 0:48:53]} Bxf6 {[%clk 0:01:03]} 37. Rb1 {[%clk 0:48:52]} Bd8
{[%clk 0:01:04]} 38. Nxd6 {[%clk 0:49:04]} Rf6 {[%clk 0:00:34]} 39. Ne4
{[%clk 0:49:19]} Rf8 {[%clk 0:01:03]} 40. Rbd1 {[%clk 0:49:13]} Bb6
{[%clk 0:01:17]} 41. R1d3 {[%clk 0:49:07]} Rf4 {[%clk 0:00:56]} 42. Rxe5
{[%clk 0:49:12]} Rh4 {[%clk 0:01:07]} 43. Nf6+ {[%clk 0:49:05]} Kf7
{[%clk 0:01:28]} 44. Ng4 {[%clk 0:49:32]} 1-0

[Event "WCO2014"]
[Site "Tromso"]
[Date "2014.08.05"]
[Round "4.17"]
[WhiteID "5300657"]
[White "Bassel Charaf"]
[BlackID "5600243"]
[Black "Vella Duncan"]
[Result "1-0"]
[LiveChessVersion "1.4.3"]
[BlackElo "1979"]
[WhiteElo "2160"]

1. Nf3 {[%clk 1:30:36]} d5 {[%clk 1:30:43]} 2. g3 {[%clk 1:30:33]} c6
{[%clk 1:30:21]} 3. Bg2 {[%clk 1:30:46]} Nf6 {[%clk 1:30:27]} 4. O-O
{[%clk 1:30:25]} Bf5 {[%clk 1:29:35]} 5. d3 {[%clk 1:28:49]} h6 {[%clk 1:29:49]}
6. c4 {[%clk 1:25:58]} e6 {[%clk 1:28:46]} 7. Qb3 {[%clk 1:24:36]} Qb6
{[%clk 1:26:23]} 8. Be3 {[%clk 1:23:53]} dxc4 {[%clk 1:20:15]} 9. Qxc4
{[%clk 1:11:04]} Qc7 {[%clk 1:10:48]} 10. Nd4 {[%clk 1:05:37]} Bg4
{[%clk 1:01:28]} 11. h3 {[%clk 0:58:07]} Bh5 {[%clk 1:01:15]} 12. Nc3
{[%clk 0:57:19]} Bd6 {[%clk 0:55:33]} 13. Ncb5 {[%clk 0:53:27]} Qd7
{[%clk 0:51:26]} 14. Nxd6+ {[%clk 0:51:50]} Qxd6 {[%clk 0:51:54]} 15. g4
{[%clk 0:43:39]} Bg6 {[%clk 0:47:41]} 16. b4 {[%clk 0:37:01]} Nd5
{[%clk 0:43:37]} 17. b5 {[%clk 0:35:22]} O-O {[%clk 0:36:39]} 18. bxc6
{[%clk 0:34:24]} bxc6 {[%clk 0:31:44]} 19. Bd2 {[%clk 0:32:20]} a6
{[%clk 0:25:19]} 20. Rac1 {[%clk 0:28:01]} Rc8 {[%clk 0:20:27]} 21. f4
{[%clk 0:20:43]} Nxf4 {[%clk 0:16:57]} 22. Rxf4 {[%clk 0:19:55]} e5
{[%clk 0:13:38]} 23. Nf5 {[%clk 0:19:58]} Qd7 {[%clk 0:10:31]} 24. Re4
{[%clk 0:18:55]} Bxf5 {[%clk 0:09:28]} 25. gxf5 {[%clk 0:19:12]} Qxf5
{[%clk 0:09:21]} 26. Rf1 {[%clk 0:19:21]} Qh5 {[%clk 0:08:52]} 27. Rh4
{[%clk 0:17:45]} Qg6 {[%clk 0:07:22]} 28. Rg4 {[%clk 0:14:55]} Qh5
{[%clk 0:03:59]} 29. Rf6 {[%clk 0:12:44]} g5 {[%clk 0:03:41]} 30. h4
{[%clk 0:08:59]} Nd7 {[%clk 0:03:51]} 31. hxg5 {[%clk 0:08:12]} Nxf6
{[%clk 0:03:17]} 32. gxf6+ {[%clk 0:08:35]} Kh8 {[%clk 0:03:13]} 33. Bxh6
{[%clk 0:08:31]} 1-0